MARC

LEADER 00000nam0a2200000 4500
001 151573
005 20231031150751.0
035 |a (RuTPU)RU\TPU\book\164340 
090 |a 151573 
100 |a 20090124d1940 m y0rusy50 ca 
101 1 |a rus  |c ger 
102 |a RU 
105 |a a z 001zy 
200 1 |a Стереохимия  |e пер. с нем.  |f С. Гольдшмидт  |g под ред. А. А. Гринберга 
210 |a Москва  |c Госхимиздат  |d 1940  |a Ленинград 
215 |a 320 с.  |c ил. 
320 |a Именной указатель: с. 296-303. 
320 |a Предметный указатель: с. 304-309. 
320 |a Указатель химических соединений: с. 310-316. 
610 1 |a стереохимия 
610 1 |a пространственные формы 
610 1 |a изомерия 
610 1 |a конфигурации 
610 1 |a комплексные соединения 
610 1 |a полиморфизм 
675 |a 544.12/.13  |v 3 
700 1 |a Гольдшмидт  |b С. 
702 1 |a Гринберг  |b А. А.  |4 340 
801 1 |a RU  |b 63413507  |c 20090124  |g PSBO 
801 2 |a RU  |b 63413507  |c 20130916  |g PSBO 
942 |c BK